• 首页
  • 本馆介绍
  • 公告通知
  • 最新文献
  • 馆藏检索
  • 电子资源
  • 读者导购
  • 参考咨询
  • 我的图书馆
  • 登录
  • 详细信息显示
  • 放入我的书架
  • 预约/预借图书
  • 作者相关作品
  • 分类相关作品
  • 丛书相关作品
  • 出版社相关作品

书目信息

  • 表格格式
  • 工作单格式
  • 卡片格式
题名:
金相显微镜
    
 
作者: 陈宗简 李良德 阮志成 编
分册:  
出版信息: 北京   机械工业出版社  1982.06
页数: 209页
开本: 20cm
丛书名:
单 册:
中图分类: TH742.4
科图分类:
主题词: 光学仪器
电子资源:
ISBN:
000 00636nam0 2200205 450
001 0656219002
005 20060818171414.04
010    @dCNY0.55
100    @a20060725d1982 km y0chiy0120 ea
101 0  @achi
102    @aCN@b110000
200 1  @a金相显微镜@Ajin xiang xian wei jing@f陈宗简 李良德 阮志成 编@Fchen zong jian li liang de ruan zhi cheng bian
210    @a北京@c机械工业出版社@d1982.06
215    @a209页@d20cm
300    @a光学仪器丛书
606 0  @a光学仪器
690    @aTH742.4@v3
701  0 @a陈宗简 李良德 阮志成@Achen zong jian li liang de ruan zhi cheng@4编
801  0 @aCN@bPFT@c20060818
905    @a10447@dTH742.4@e33
    
    金相显微镜/陈宗简 李良德 阮志成 编.-北京:机械工业出版社,1982.06
    209页;20cm
    光学仪器丛书
    
    ISBN :CNY0.55
    
●
相关链接 在E读中查询图书 在五车中查询图书 在当当中查询图书 在豆瓣中查询图书


正题名:金相显微镜     索取号:TH742.4/33         预约/预借

序号 登录号 条形码 馆藏地/架位号 状态 备注
1 0438414   204384148   密集书库/ [索取号:TH742.4/33] 在馆    
2 0438892   204388929   密集书库/ [索取号:TH742.4/33] 在馆    
3 0458867   204588678   密集书库/ [索取号:TH742.4/33] 在馆    
唐山师范学院图书馆 欢迎您!
大连网信软件有限公司© 版权所有